Catálogo
 En Linea
Vista normal Vista MARC

Entrada Nombre geográfico

Número de registros utilizados en: 2

001 - NÚMERO DE CONTROL

  • campo de control: 77395

003 - IDENTIFICADOR DEL NÚMERO DE CONTROL

  • campo de control: OSt

005 - FECHA Y HORA DE LA ÚLTIMA TRANSACCIÓN

  • campo de control: 20201124105925.0

008 - DATOS DE LONGITUD FIJA

  • campo de control de longitud fija: 201124|| aca||aabn | a|a d

040 ## - FUENTE DE LA CATALOGACIÓN

  • Centro catalogador/agencia de origen: OSt
  • Centro/agencia transcriptor: OSt

151 ## - ENCABEZAMIENTO--NOMBRE GEOGRÁFICO

  • Nombre geográfico: San Pedro de Macorís (República Dominicana)
  • Subdivisión de forma: Directorios

670 ## - FUENTE DE DATOS ENCONTRADOS

  • Cita de la fuente: Work cat.: (OSt)32650: Damirón, Rafael, 1882-1956 27287, Directorio social ... Anuario Faser de Ciudad Trujillo, D. de S.D., y San Pedro de Macorís,, 19--?].

Con tecnología Koha